Viktimologie: die Wissenschaft vom Verbrechensopfer

Gespeichert in:  
Bibliographische Detailangaben
1. VerfasserIn: Schneider, Hans Joachim 1928-2015 (Verfasst von)
Medienart: Druck Aufsatz
Sprache:Deutsch
Veröffentlicht: 1978
In: Deutsche Richterzeitung
Jahr: 1978, Band: 56, Heft: 5, Seiten: 141-146
Verfügbarkeit prüfen: HBZ Gateway
Schlagwörter:

MARC

LEADER 00000caa a22000002c 4500
001 164023425X
003 DE-627
005 20220608131441.0
007 tu
008 140827s1978 xx ||||| 00| ||ger c
035 |a (DE-627)164023425X 
035 |a (DE-576)412974053 
035 |a (DE-599)BSZ412974053 
040 |a DE-627  |b ger  |c DE-627  |e rakwb 
041 |a ger 
100 1 |a Schneider, Hans Joachim  |d 1928-2015  |0 (DE-588)120744996  |0 (DE-627)080863922  |0 (DE-576)162947801  |4 aut 
109 |a Schneider, Hans Joachim 1928-2015  |a Šnajder, Gans Joachim 1928-2015  |a Schneider, Hans J. 1928-2015  |a Schneider, Joachim 1928-2015  |a Schneider, Hans-J. 1928-2015  |a Snajder, Gans Joachim 1928-2015 
245 1 0 |a Viktimologie  |b die Wissenschaft vom Verbrechensopfer  |c Hans-Joachim Schneider 
264 1 |c 1978 
336 |a Text  |b txt  |2 rdacontent 
337 |a ohne Hilfsmittel zu benutzen  |b n  |2 rdamedia 
338 |a Band  |b nc  |2 rdacarrier 
773 0 8 |i In  |t Deutsche Richterzeitung  |d Hamm : Wilke Mediengruppe GmbH, 1909  |g 56(1978), 5, Seite 141-146  |w (DE-627)129487538  |w (DE-600)205492-9  |w (DE-576)014879611  |x 0340-8612  |7 nnas 
773 1 8 |g volume:56  |g year:1978  |g number:5  |g pages:141-146 
951 |a AR 
ELC |b 1 
LOK |0 000 xxxxxcx a22 zn 4500 
LOK |0 001 3301700144 
LOK |0 003 DE-627 
LOK |0 004 164023425X 
LOK |0 005 20140827144146 
LOK |0 008 140827||||||||||||||||ger||||||| 
LOK |0 040   |a DE-21-110  |c DE-627  |d DE-21-110 
LOK |0 689   |a s  |a Viktimologie 
LOK |0 852   |z Kein Bestand am IfK; Nachweis für KrimDok 
LOK |0 852   |a DE-21-110 
LOK |0 852 1  |m v  |9 00 
LOK |0 935   |a k110 
LOK |0 938   |k v 
LOK |0 939   |a 27-08-14  |b l01 
ORI |a SA-MARC-krimdoka001.raw